000 00285nam a22001337a 4500
008 171017b xxu||||| |||| 00| 0 eng d
020 _a9780131572836
041 _aeng
080 _a330.542
100 _a52
101 _aMIK
245 _aMICROECONOMICS
_cPEREZ.S
942 _2udc
_cBK
999 _c34449
_d34449